000 00807cam a2200217 4500
001 ABS64086
008 000000n2001 000 0 eng u
035 _a(Sirsi) u113074
100 _aHartley, D.
245 _aMinding the gap
260 _c2001
490 _aBuilding
_v266( 8188) 8 June 2001, 52-53(2)
520 _aDiscusses the difficulty for builders under PFI contracts that a client does not pay for the asset until it is available to them for actual use, that is until they can occupy the facility and provide their services.
590 _aABS
650 _aPFI CONTRACTS
650 _aBUILT ENVIRONMENT-BUILDING CONTRACT FORMS-CERTIFICATES OF COMPLETION
650 _aCOMMISSIONING
650 _aSTANDARDISATION
690 _aBUILT ENVIRONMENT-BUILDING CONTRACT FORMS
942 _n0
999 _c67312
_d67312